000 00488nam a2200169 i 4500
001 94294
003 ES-MaACL
005 20230906181438.0
007 t|
008 050427s1962 sp ||||1| spa d
100 1 _aLópez Tapias, Santiago.
_973995
245 1 0 _aManual del electricista /
_cSantiago López Tapias.
250 _a3ª ed.
260 _aBarcelona :
_bSerrahima y Urpí,
_c1962.
300 _a403 p. lám. I-VIII. :
_bil. ;
_c22 cm.
852 _aES-MaACL
_jC-21642
_bR.50506
999 _c94294
_d94294